000 00842nam a22002777a 4500
003 CHAP
005 20220329140256.0
008 971013s1987 co r 00010 spa d
010 _a49614
011 _a50586
035 _a54736
040 _cCHAP
090 _aFolleto 11641
100 0 0 _aRobles A., Xinia.
_998056
245 1 _aBibliografía de catorce especies
260 _aTurrialba :
_bCentro Agronómico Tropical de Investigación y Enseñanza,
_c1987
300 _a68 p.
590 _aBATCH-UPD
_b10
_c20130110
_lUCH01
_h0818
590 _aBATCH-UPD
_b10
_c20130410
_lUCH01
_h0455
590 _aBATCH-UPD
_b10
_c20130914
_lUCH01
_h1848
590 _aCONVERSION
_b10
_c20130109
_lUCH01
_h1327
650 1 4 _aÁrboles
_xBibliografia.
_96574
901 _aBK
942 _cFOLL
949 _aFolleto 11641
_bBC
_cFOLL
_d-120585
_eTS1
_i54736
_si
999 _c49614
_d49614